000 00231nam a2200085Ia 4500
245 0 _aUnderstanding social security law
100 _a Olivier, M P. Cape Town, 2009
942 _cBK
008 210817s9999 xx 000 0 und d
999 _c267053
_d267052